| 000 | 00833cam a22002291 4500 | ||
|---|---|---|---|
| 001 | f 01001055 | ||
| 003 | DLC | ||
| 005 | 20260227111239.0 | ||
| 008 | 790824s1854 fr 000 1 fre | ||
| 010 | _af 01001055 | ||
| 035 | _a(OCoLC)5309145 | ||
| 040 |
_aDLC _cCU-S _dDLC |
||
| 042 | _apremarc | ||
| 050 | 0 | 0 |
_aDS709 _b.H83 |
| 100 | 1 |
_aHounau, Joachim, _d1824?- |
|
| 245 | 1 | 0 |
_aVoyage en Chine du capitaine Montfort _bavec un appendice historique sur les derniers événements _cpar Georges Bell [pseud.] |
| 260 |
_aParis, _bV. Lecou, _c1854. |
||
| 300 |
_a360 p. _c19 cm. |
||
| 500 | _aImaginary voyage? Dedication signed "Montfort", and the "Voyage en Chine" written (in the first person) apparently by him (a fictitious person?) | ||
| 500 | _a"Appendice" signed: Georges Bell. | ||
| 651 | 0 |
_aChina _xDescription and travel. |
|
| 999 |
_c22519 _d22519 |
||